000 00502nam a2200133 a 4500
008 120416s0000 ||||||||||||||||| || u
020 _a0192621017
050 _aRC 902 Adv
100 _aRaine, A. E. G
245 1 0 _aAdvanced renal medicine
_cedited by A.E.G. Raine
260 _aOxford
_bThe University Press
_c1992
350 _a0.00
995 _D0.00
_FCBU-MAIN LIBRARY (Kitwe)
_H1
_I30.00
_UAVAILABLE
_WMay 31, 2006
_ZMain Library Open Access Collection
999 _c33585
_d33585